000 00707cab a2200229 4500
001 WB3301-33
008 090401t1996 xxu||||| |||| 00| 0 eng d
035 _a(Sirsi) u12959
041 _aeng
245 _aTwo PFI hospitals at risk over cost
260 _c1996
350 _a0
490 _aBuilding
_v261(7971) 20 December 1996, 7(1)
520 _aTwo leading PFI hospital schemes may have to be scaled down to enable the local health authorities to afford them.
650 _aBISHOP AUCKLAND HOSPITAL
650 _aPFI
650 _aPRIVATE FINANCE INITIATIVE
650 _aWESTERN GENERAL HOSPITAL
690 _aPROPERTY-PROPERTY FINANCE AND INVESTMENT
942 _n0
948 _c04/03/1997
999 _c8324
_d8324